| 000 | 00699nam a22001937a 4500 | ||
|---|---|---|---|
| 999 |
_c16847 _d16847 |
||
| 003 | AR-CdUCM | ||
| 008 | 190506b ||||| |||| 00| 0 sap d | ||
| 040 |
_aMUNICIPALIDAD PROVINCIAL DEL CUSCO _cBIBLIOTECA MUNICIPAL DEL CUSCO |
||
| 082 |
_a800.4 / _bR47 |
||
| 100 |
_aReyes, Alfonso. _92307 |
||
| 245 | _aLa experiencia literaria / | ||
| 260 |
_aBuenos Aires : _bLosada, _c1952. |
||
| 300 |
_a196 páginas ; _c19 cm. |
||
| 505 | _aContenido :Hermes o de la comunicación humana -- De la biografía -- Detrás de los libros -- Escritores e impresores -- Perennidad de la poesía ... | ||
| 650 |
_aLenguaje. _95227 |
||
| 650 |
_aLiteratura. _983 |
||
| 942 |
_2ddc _cLIBROS |
||
| 945 |
_arum _d2019-05-06 |
||